[Event "EU-ch 13th"]
[Site "Plovdiv"]
[Date "2012.03.20"]
[Round "1"]
[White "Can, Emre"]
[Black "Sutovsky, Emil"]
[Result "0-1"]
[WhiteElo "2476"]
[BlackElo "2700"]
[Annotator "Ftacnik,L"]
[PlyCount "88"]
[EventDate "2012.03.20"]
[EventType "swiss"]
[EventRounds "11"]
[EventCountry "BUL"]
[SourceTitle "CBM 148"]
[Source "ChessBase"]
[SourceDate "2012.05.16"]
[SourceVersion "1"]
[SourceVersionDate "2012.05.16"]
[SourceQuality "1"]

1. Nf3 Nf6 2. c4 g6 3. Nc3 d5 4. cxd5 Nxd5 5. Qc2 {This interesting move has
breathed fresh life into the famous line of English Opening. White players got
a bit tired of attempts to prove an advantage after the much tested 5.Qa4+.}
Nc6 6. d4 Ndb4 7. Qa4 Bd7 8. Qd1 e5 $5 {[%mdl 4] Black is trying to justify
his unusual development of the knights to b4 and c6. Opening the diagonals and
the d-file should help him to keep the initiative.} 9. dxe5 {The first player
is not prepared for the conflict so it is not surprising, that he will be
struggling to get any advantage at all.} (9. a3 exd4 10. axb4 (10. Nb5 a6 11.
Nbxd4 Nxd4 12. Nxd4 Nc6 13. Nf3 Be6 14. Qxd8+ Rxd8 15. Bg5 Be7 16. Bxe7 Kxe7
17. e3 Rd6 18. Rc1 Rhd8 19. Be2 Bf5 {1/2 (19) Dorfman,J (2578)-Vachier Lagrave,
M (2722) Caen 2011}) 10... dxc3 11. bxc3 Bg7 12. Bd2 O-O 13. e3 Bg4 14. Be2 Qd6
15. b5 Bxf3 16. gxf3 Ne5 17. Qc2 c6 18. f4 Nd7 19. O-O cxb5 20. Bxb5 Nc5 $11 {
1/2 (41) Alekseev,E (2673)-Kurnosov,I (2633) Taganrog 2011}) 9... Bf5 10. Bg5
Be7 {Sutovsky works hard on opening problems and he strives to get fighting
positions. Anybody in a more peaceful frame of mind could consider 10...Nc2+!?
robing White of chances to get an opening plus.} (10... Nc2+ $5 11. Qxc2 Bxc2
12. Bxd8 Rxd8 13. Rc1 Bf5 14. e4 Bh6 15. Rd1 Bg4 $11) (10... Qxd1+ 11. Rxd1 Bg7
(11... Nc2+ $2 12. Kd2 $16) 12. e4 Bg4 13. Bf6 $14) 11. Bxe7 {Black had to
fight harder for his share of equality after the more exact move 11.e4!} (11.
e4 $1 Bg4 12. Bxe7 Qxe7 13. a3 Bxf3 14. gxf3 Rd8 15. Qa4 Nd3+ 16. Bxd3 Rxd3 17.
Qb5 Rxf3 18. Qxb7 Nd8 19. Qb4 Qxe5 20. Rd1 $11 {1/2 (56) Vorobiov,E (2574)
-Sutovsky,E (2700) Khanty-Mansiysk 2011}) 11... Qxe7 12. e4 Rd8 13. Qa4 Bd7 14.
Qb3 $2 {Can had obviously not studied all the intricacies of this opening
variation in detail. The white queen has made enough moves in this game and it
was time for more resolute action. Black would be the party looking for
equality after the courageous move 14.0-0-0!} (14. O-O-O $1 Qc5 (14... Nxe5 15.
Qxa7 Nxf3 16. gxf3 O-O 17. a3 Nc6 18. Qxb7 Qf6 19. Qxc7 Nd4 20. Nd5 Qxf3 21.
Bc4 Ba4 22. Qg3 Bxd1 23. Rxd1 $14) 15. Kb1 Nd4 (15... Nxe5 16. Bb5 $14) 16. Qa3
Nxf3 17. gxf3 O-O 18. Rc1 Be6 19. Nd5 Rxd5 20. Be2 Qxf2 21. exd5 Bf5+ 22. Ka1
Nc2+ 23. Rxc2 Bxc2 24. Bc4 Qd4 25. Qc3 Qxc3 26. bxc3 $11) 14... Na5 15. Qd1 O-O
16. Be2 Bg4 {Good chess education was probably working against Sutovsky at
this moment. Some players would not be intimidated and would invest more
energy in the exotic move 16...Bh3!?, which was actually very unpleasant for
White.} (16... Bh3 $5 17. Nd2 (17. Qa4 Bxg2 18. Rg1 Bxf3 19. Bxf3 Nc4 $19)
17... Bxg2 18. Rg1 Bh3 19. a3 Nd3+ 20. Bxd3 Rxd3 21. Qe2 Rxd2 22. Qxd2 Nb3 23.
Qh6 Nxa1 24. Qxh3 Qxe5 $17) 17. Nd5 (17. Qa4 Bxf3 18. gxf3 Nac6 $17) (17. Qc1
Bxf3 18. gxf3 Qh4 $1 $17) 17... Nxd5 18. exd5 Bxf3 19. Bxf3 Qxe5+ {Nobody
could dream of denying Black victory in the opening duel. Unfortunately for
him winning the game itself is yet another story.} 20. Qe2 (20. Kf1 Qxb2 21. g3
Nc4 $17) 20... Qxe2+ (20... Rfe8 21. Qxe5 Rxe5+ 22. Kd1 Nc4 23. b3 Nb6 24. Re1
Re6 $15) 21. Kxe2 (21. Bxe2 Rxd5 $17) 21... Rfe8+ 22. Kd3 {The Turkish player
decides to dance with the king in the centre in order to complicate the
technical task for his opponent.} (22. Kf1 Nc4 23. g3 Nd2+ 24. Kg2 Nxf3 25.
Kxf3 Rxd5 $17) 22... Nc6 23. Rac1 (23. Kc3 Ne5 24. Rhe1 Kf8 25. Rad1 Nxf3 26.
Rxe8+ Kxe8 27. gxf3 Rd6 $17) 23... Ne5+ 24. Ke2 (24. Ke3 c5 $1 25. Rhd1 g5 $17)
(24. Kd4 Nxf3+ 25. gxf3 c6 26. Rc5 Re2 $17) 24... Nxf3+ $6 {Black grabs the
pawn, but it comes at the cost of a huge reduction in fighting forces. The
clever alternative 24...c5! would improve the chances of winning the pawn
under more favourable conditions.} (24... c5 $1 25. Rhe1 (25. dxc6 Nd3+ $19)
25... Kf8 26. Ke3 (26. Kf1 Nxf3 27. Rxe8+ Kxe8 28. gxf3 Rxd5 $17) 26... b6 $17)
25. Kxf3 Rxd5 26. Rxc7 Rd3+ 27. Kf4 Re2 28. Rxb7 {Fortunately for the stronger
side the defender has an unenviable task of chosing the most promising defence.
The activation of the second white rook for coordinated counterplay would be
more promising.} (28. f3 $1 Rxb2 29. Re1 Rd4+ 30. Kg3 Rdd2 31. Re8+ Kg7 32.
Ree7 Rxg2+ 33. Kh4 Rxh2+ 34. Kg3 Rhg2+ 35. Kh4 $15) 28... Rxf2+ 29. Ke4 Rdd2
30. g3 (30. Rxa7 Rxb2 31. g3 Rbe2+ 32. Kd3 Rxh2 $17) 30... a5 31. Rb5 Rde2+ 32.
Kd3 Rxb2 33. Rxa5 h5 {Black needs to take the pawn on the kigside in order to
play for the full point.} (33... Rxa2 $6 34. Rxa2 Rxa2 35. Ke3 $15) 34. a4 Rxh2
35. Rxh2 Rxh2 36. Ke3 h4 $1 {In spite of all the complications Sutovsky has
reached a rook endgame that is technically winning.} 37. gxh4 (37. g4 $2 h3 38.
Kf3 Ra2 39. Rd5 h2 40. Rd1 Rxa4 $19) 37... Rxh4 38. Ra7 Kg7 39. a5 (39. Ra8 g5
40. Ra6 Rb4 41. Kf3 f6 $17) 39... Ra4 40. a6 g5 {The two passed pawns are
rolling forward much more efficiently then White's isolated a-pawn.} 41. Kf3 (
41. Ra8 f5 42. a7 g4 43. Kf2 f4 $19) 41... Kg6 42. Kg3 Ra3+ 43. Kf2 f5 44. Kg2
f4 (44... f4 45. Ra8 Kf5 46. a7 Kg4 $19) 0-1

[Event "Capablanca Memorial Elite 46th"]
[Site "Havana"]
[Date "2011.05.20"]
[Round "9"]
[White "Le, Quang Liem"]
[Black "Navara, David"]
[Result "1-0"]
[WhiteElo "2687"]
[BlackElo "2702"]
[Annotator "Ftacnik,L"]
[PlyCount "135"]
[EventDate "2011.05.11"]
[EventType "tourn"]
[EventRounds "10"]
[EventCountry "CUB"]
[EventCategory "19"]
[SourceTitle "CBM 143"]
[Source "ChessBase"]
[SourceDate "2011.07.15"]
[SourceVersion "1"]
[SourceVersionDate "2011.07.15"]
[SourceQuality "1"]

1. Nf3 Nf6 2. c4 g6 3. Nc3 d5 4. cxd5 Nxd5 5. Qc2 {White has tried a number of
moves in this position, but this intriguing step by the queen was born only in
2011! The main idea is to support the centre and exclude some of Black's
possibilities from other lines.} Bg7 (5... Nb4 6. Qa4+ N4c6 7. d4 Bg7 8. Bf4
O-O 9. e3 Nd7 10. Rd1 Nb6 11. Qb3 a5 12. d5 Nb4 13. Be2 e6 14. dxe6 Bxe6 15.
Rxd8 Rfxd8 16. Qxe6 fxe6 17. Bxc7 N6d5 18. Bxd8 Nxc3 19. Be7 Nxe2 20. Kxe2 Bxb2
(20... Nd5 21. Ba3 b5 22. b3 b4 $11) 21. Rb1 Bg7 22. a4 $14 {1-0 Van Wely,L 
(2675)-Jens,J (2376)/Mulhouse 2011 (32)} (22. a3 Nd5 23. Rxb7 Nxe7 24. Rxe7 Bf8
$14)) (5... Nc6 6. d4 Bg4 7. Qd1 {1/2-1/2 Shchekachev,A (2528)-Bok,B (2497)/
Maastricht 2011}) 6. e4 Nb4 {Black is entering complications, as the equality
after the modest retreat to b6 is proving to be elusive.} (6... Nb6 7. d4 O-O
8. Be3 Bg4 9. Ne5 Bxe5 10. dxe5 Nc6 11. h3 Be6 12. Rd1 Qc8 13. f4 Rd8 14. b3
Nb4 (14... Rxd1+ 15. Qxd1 Qe8 16. Be2 Rd8 17. Qc1 Nd4 18. Bd1 c5 19. O-O $11 {
1-0 Gustafsson,J (2646)-Krassowizkij,J (2356)/Bonn 2011 (49)}) 15. Rxd8+ Qxd8
16. Qb1 f5 17. exf6 exf6 18. Be2 Qe7 19. O-O Bf7 20. Bf2 Rd8 21. Rd1 Rxd1+ 22.
Qxd1 $16 {1/2-1/2 Topalov,V (2775)-Kamsky,G (2732)/Kazan 2011 (58)}) 7. Qa4+
N8c6 8. d4 Bd7 {The second player must be very careful, as the simplistic
solutions are not good enough.} (8... Bxd4 $6 9. Nxd4 Qxd4 10. Be3 Nd3+ 11.
Bxd3 Qxd3 12. Rd1 $16) 9. Qb3 Bxd4 {Navara is prepared to play with fire, even
though it seems more logical to attack the centre also with the help of the
e-pawn.} (9... e5 10. d5 Nd4 11. Nxd4 exd4 12. Qxb4 dxc3 13. bxc3 c5 14. dxc6 (
14. Qb2 f5 $1 15. Bd2 (15. Bc4 Qa5 16. Bd2 b5 17. Be2 fxe4 $11) 15... fxe4 16.
Qxb7 e3 17. fxe3 O-O $11) 14... Bxc6 15. Bb5 Qd7 16. Rb1 O-O-O 17. O-O Bxb5 18.
Qxb5 Qxb5 19. Rxb5 Rd3 20. Be3 Re8 $11 {1/2-1/2 Khusnutdinov,R (2508)
-Kozganbayev,E (2168)/Astana 2011 (32)}) 10. Nd5 $1 a5 {This decision might
not be the best and in the future Black will surely contemplate the move 10...
Be6, that would help to tame down White's initiative.} (10... Nxd5 $2 11. exd5
Na5 12. Qa3 c5 13. Nxd4 cxd4 14. b4 Qc7 15. Qg3 $16) (10... Be6 11. Bc4 a5 12.
Nxb4 axb4 13. Bxe6 fxe6 14. Bh6 Bf6 15. Rd1 (15. Qxe6 Qd6 $17) 15... Qc8 $11)
11. a3 Na6 12. Nxd4 (12. Qxb7 Bb6 13. Be3 Bxe3 14. fxe3 O-O 15. Bxa6 e6 16. Rd1
exd5 17. exd5 Qe8 18. Be2 $16) 12... Nxd4 13. Qc3 e5 $6 {The Czech grandmaster
is a very courageous fighter. Navara decides to accept the wild complications
instead of a slightly worse position after the potentially symmetrical advance
13...c5.} (13... c5 14. Be3 Bc6 15. Bxa6 (15. Bxd4 cxd4 16. Qxd4 O-O 17. Rd1
Bxd5 18. Qxd5 Qc7 $11) 15... Rxa6 16. Rd1 Bxd5 17. Qxc5 Be6 18. Rxd4 Qa8 19.
O-O $14) 14. Bxa6 c6 $8 (14... bxa6 15. Nxc7+ Kf8 16. Nxa8 Qxa8 17. Qc5+ Kg8
18. Qxe5 Nc2+ 19. Kd1 f6 20. Qxf6 Qxe4 21. Bh6 $18) 15. Bxb7 Rb8 16. Be3 (16.
Bxc6 Bxc6 17. Be3 Bxd5 18. Bxd4 exd4 19. Qxd4 O-O 20. exd5 Re8+ 21. Kf1 Qc8 $11
) 16... Rxb7 17. Bxd4 cxd5 18. Bxe5 O-O 19. O-O {Le Quang can be quite
satisfied with the outcome of the opening battle. The diagonal a1-h8 will be
annoying for Black. The position is not equal.} (19. exd5 f6 20. Bd4 Bb5 21.
O-O-O Qxd5 $11) (19. Rd1 Qg5 20. O-O dxe4 21. Bf6 $14) 19... dxe4 20. Rfd1 Qc8
(20... Qg5 21. Bf6 Qf4 22. Rd5 $14) 21. Qe3 (21. Qxa5 Rb5 22. Qa4 Rxe5 (22...
Qc5 23. Qd4 Qxd4 24. Rxd4 Bc6 25. Rc1 $16) 23. Qxd7 Qb8 $14) 21... Ba4 $6 {
These clearly disharmonious moves can hardly aspire to the title of the best
solution. The defender should have accepted the worse prospects after the
natural 21...Bc6.} (21... Bc6 22. Bc3 Qe6 23. Qf4 $14) 22. Rd6 $1 Rd7 23. Rb6
$6 {White plays under the impression, that the opponent will suffer more when
pieces are kept on the board. It made a lot of sense to bring the last reserve
into play with 23.Rc1!.} (23. Rc1 $1 Qe8 (23... Qb7 24. Qh6 f6 25. Rxf6 $16) (
23... Qd8 $2 24. Bf6 $18) 24. Qf4 f5 25. Bc3 $16) 23... Qd8 (23... Rd5 $1 24.
Qxe4 (24. Bc3 Rfd8 25. Re1 Rd1 26. Bxa5 Qf5 $44) 24... Qc5 25. Bd6 Rxd6 26.
Rxd6 Qxd6 27. Qxa4 Rb8 $14) 24. h3 Rd3 (24... f6 25. Bc3 f5 26. Bxa5 $16) 25.
Qxe4 Re8 26. Ra6 (26. Rb7 Bc6 27. Qxc6 Rxe5 28. Qc4 Qd5 29. Qxd5 Rdxd5 $14) (
26. Qxa4 Rxe5 27. Rb5 Re2 $14) 26... Rd5 $1 {The defence is scoring a triumph
as the lion's share of White's advantage has gone down the drain.} 27. Qxa4
Rdxe5 28. Qb3 Qd4 (28... Qc7 29. Qc3) 29. Qc3 Qxc3 30. bxc3 Rc8 {[%mdl 4096]
Making the draw should be manageable for Black, but he still has to work for
it. It seems, that the active move 30...Rb8! would have robbed White of real
chances to play for a win.} (30... Rb8 $1 31. Rc6 Rb2 32. Rc4 Kg7 $11) 31. Rc1
Rc4 32. Kf1 (32. Rb6 Kg7 33. Kf1 $14) 32... Rec5 33. Ke2 Ra4 {The idea was not
to enter the difficult endgame with White's passed a-pawn.} (33... Rxc3 $6 34.
Rxc3 Rxc3 35. Rxa5 $16) 34. Kd3 Rxa3 (34... Rd5+ 35. Kc2 Rxa3 36. Kb2 Ra4 37.
Kb3 Rf4 38. c4 Rd3+ 39. Rc3 Rxc3+ 40. Kxc3 Rxf2 41. Ra8+ Kg7 42. c5 Rf1 $11)
35. Kd4 Rc8 36. Rc2 Ra1 (36... Rd8+ 37. Ke5 Kg7 38. c4 Re8+ 39. Kd5 Rd3+ $11)
37. c4 Rd1+ 38. Kc3 Rd5 {For better or worse Black has to slow down the
advance of the dangerous c-pawn.} (38... Rc5 39. Rb6 Rg5 40. f3 Rg1 41. Rbb2
Kg7 $11) 39. Ra2 Rd1 40. Rc2 Rd5 41. Rb6 h5 42. Kb3 Rd1 (42... Rdc5 43. Rb5 Kf8
$11) 43. Kb2 Rc5 44. Kc3 Rdd5 (44... Rg5 45. g3 Rf5 46. Rb5 Rf3+ 47. Kb2 $14)
45. Rcb2 Kf8 {The black king on the queenside will help to fight against the
advance of the c-pawn.} (45... Rd1 46. Rb1 Rxb1 47. Rxb1 Rg5 48. g3 Rf5 49. Rb2
Kf8 50. Re2 $14) 46. R6b5 Ke7 (46... Rxb5 $2 47. cxb5 Rc5+ 48. Kd4 Rc8 49. b6
$18) 47. Re2+ Kd6 48. Rb6+ Kc7 49. Reb2 (49. Rf6 Rd7 $11) 49... Rd1 (49... Rf5
50. Kd4 Rc6 $11) 50. Rb7+ Kc8 51. Rb8+ (51. Rxf7 Rc1+ 52. Rc2 Rxc2+ 53. Kxc2
Rxc4+ $11) 51... Kd7 52. R2b7+ Rc7 (52... Ke6 53. Re8+ Kf6 54. Re4 Rc1+ 55. Kd3
Rd1+ $11) 53. Rxc7+ Kxc7 54. Rf8 f5 {Navara is becoming tired of defending the
slightly worse position. We have all learned that it is more promising to
fight without creating additional weaknesses.} (54... Rd7 55. f4 Re7 56. Kd4
Kb6 $11) 55. Rg8 Rd6 56. c5 Ra6 (56... Re6 57. Kc4 Kc6 58. f3 a4 59. Ra8 Re2
60. Ra6+ Kb7 61. Rxg6 a3 62. Rb6+ Kc7 63. Ra6 a2 $11) 57. Rg7+ Kd8 58. Kb3 a4+
59. Ka3 f4 $2 {Much better drawing chances were tied to the immediate
elimination of the c5-pawn.} (59... Rc6 $1 60. Kxa4 (60. Kb4 Ra6 $11) 60...
Rxc5 61. Rxg6 Rc2 62. f3 Ke7 63. Kb3 Rf2 64. Kc3 $14) 60. f3 Ke8 (60... Rc6 $5
61. Kxa4 Rxc5 62. Rxg6 Ke7 63. Kb3 $14) 61. h4 Rc6 62. Kb4 Ra6 $6 (62... a3 63.
Ra7 Re6 64. Rxa3 Re2 65. Rd3 $16) 63. Kb5 a3 64. c6 $1 {A very cold shower for
Black, who must have hoped his defensive setup was sufficient for a draw.} (64.
Kxa6 $2 a2 $19) 64... Ra5+ (64... a2 65. c7 Ra5+ 66. Kc4 Ra4+ 67. Kb3 Ra3+ 68.
Kc2 Rc3+ 69. Kb2 $18) 65. Kb4 Ra4+ 66. Kb3 Kf8 (66... a2 67. c7 Ra3+ 68. Kc2
Rc3+ 69. Kb2 $18) 67. c7 Ra8 68. Rh7 {Le Quang has won a very fine endgame.} (
68. Rh7 Kg8 69. Rd7 a2 70. Rd8+ $18) 1-0

[Event "ISR-chT"]
[Site "Israel"]
[Date "1999.??.??"]
[Round "5"]
[White "Gelfand, Boris"]
[Black "Avrukh, Boris"]
[Result "1-0"]
[WhiteElo "2691"]
[BlackElo "2603"]
[Annotator "Gelfand,B"]
[PlyCount "85"]
[EventDate "1999.01.??"]
[EventType "team"]
[EventRounds "11"]
[EventCountry "ISR"]
[SourceTitle "CBM 069"]
[Source "ChessBase"]
[SourceDate "1999.04.01"]
[SourceVersion "1"]
[SourceVersionDate "1999.04.01"]
[SourceQuality "1"]

1. c4 Nf6 2. Nc3 d5 3. cxd5 Nxd5 4. g3 g6 5. Bg2 Nb6 6. Nf3 Bg7 7. O-O O-O 8.
d3 Nc6 9. Be3 e5 10. b4 {A rare move, but in my opinion the most logical one.
I found only one game in my database with it, but one of the great Leonid
Stein (I have to admit that it was not the best one of famous player)} Nd4 (
10... Re8 11. b5 Nd4 12. a4 a6 13. bxa6 (13. a5 $5 Nd7 14. bxa6 Rxa6 15. Nd2
$14) 13... Rxa6 14. Ng5 c6 15. Rc1 Qe7 16. Rb1 h6 17. Nge4 f5 18. Nd2 Be6 19.
Qc1 Rea8 20. a5 Nc8 21. Nc4 Bxc4 22. dxc4 Rxa5 23. Bd2 Ra3 {1/2-1/2 Stein,
Leonid-Savon,Vladimir A/URS-ch38 Riga (12) ;URS-ch 1970 (70)}) (10... e4 $2 11.
Nxe4 Bxa1 12. Qxa1) (10... Nxb4 11. Bc5) 11. a4 Be6 (11... c6 12. Nd2 (12. Rc1
Bg4) (12. a5 Nxf3+ 13. Bxf3 Nd5 14. Nxd5 cxd5 15. Rc1 Be6 16. Qa4 f5) 12... Be6
$13 (12... Bg4 13. a5 Nd5 14. Bxd4 exd4 15. Nxd5 cxd5 $14)) (11... Bg4 12. a5
Bxf3 13. exf3 Nc8 (13... Nd5 14. Nxd5 Qxd5 15. f4 Qb5 16. Bxd4 exd4 17. a6 $16)
14. a6 bxa6 $5 $13 (14... b6 15. f4 c6 16. Bxd4 Qxd4 17. Bxc6)) (11... Nxf3+ $5
12. Bxf3 c6) 12. Ng5 (12. Nd2 Nd5) 12... Bb3 (12... Bd5 13. Nxd5 Nxd5 14. Bd2)
13. Qb1 (13. Qd2 Bd5) 13... a5 (13... Bd5 14. Nge4 (14. Bxd4 Bxg2 (14... exd4
15. Nxd5 Nxd5 16. Ne4 $14) 15. Bxb6 Bxf1 16. Be3 h6 17. Nxf7 Rxf7 18. Qxf1 e4
$1 19. d4 (19. Nxe4 Bxa1 20. Qxa1 Kh7 $13) 19... Qe7 $13 (19... Bxd4 20. Rd1
Rd7 21. Qh3 $1)) 14... f5 $5 (14... a5 15. b5 c6 {leads to a game}) 15. Bxd4
exd4 16. Nxd5 Nxd5 17. Qb3) 14. b5 c6 (14... Nxa4 15. Nxa4 Bxa4 16. Rxa4 Nxe2+
17. Kh1 Nc3 18. Qc2 Nxa4 19. Qxa4 $16) (14... Bd5 15. Nge4 c6) 15. Nge4 (15.
bxc6 bxc6 16. Bxd4 exd4 17. Qxb3 dxc3 18. Ne4 Nd5 $132) 15... Bd5 (15... cxb5
16. Bxd4 exd4 17. Qxb3 dxc3 18. Qxb5 Nd5 19. Rac1 Rc8 20. Nc5 $16) 16. Rc1 (16.
Qb2 $5) 16... Rb8 (16... Rc8 17. Qb2) (16... f5 17. Bxd4 (17. Bg5 Qb8 18. e3
fxe4 19. exd4 $13 exd3 20. Nxd5 cxd5 21. Qxd3 e4) 17... exd4 18. Nxd5 Nxd5 19.
Qb3) (16... Re8 17. Qb2 $5) 17. Qb2 Qe7 (17... f5 18. Bg5 (18. Bxd4 exd4 19.
Nxd5 Nxd5 (19... cxd5 20. Nc5) 20. Qb3) 18... Qd7 19. Nc5 Qf7 20. Nxd5 Nxd5 (
20... cxd5 21. e3 Ne6)) 18. Rab1 Bxe4 $6 (18... f5 $1 {Reqired precise
calculation, but looks like saving the game.} 19. bxc6 (19. Bxd4 exd4 20. Nxd5
cxd5 (20... Nxd5 21. Qb3 $13) 21. Nc5 Rfc8) 19... bxc6 (19... Bxe4 20. dxe4
bxc6 21. exf5 $16) 20. Bxd4 exd4 21. Nxd5 Nxd5 (21... cxd5 22. Nc5 Rfc8 23. Na6
$16) 22. Qxb8 Rxb8 23. Rxb8+ Bf8 24. Rxc6 (24. Nd2 Nc3 $13) 24... fxe4 25. Rcc8
Nc3 26. Bxe4 Nxe2+ (26... Nxa4 27. Bd5+) 27. Kg2 Nc3 28. Bc6 Qd6 $11) (18...
Kh8 19. bxc6 (19. Nxd5 cxd5 20. Nc3 Qd7) 19... bxc6 20. Bxd4 exd4 21. Nxd5 cxd5
22. Nc5 $16) 19. Bxe4 c5 20. Bd2 Rfd8 (20... f5 21. Bg2 $14) 21. Qa2 Qd7 $6
$138 (21... Kh8) 22. Bg2 (22. Bg5 $5) 22... Nc8 $2 (22... c4 23. dxc4 (23. Bg5
Rdc8) 23... Nxe2+ 24. Nxe2 Qxd2 25. Rc2 $16) 23. b6 $1 {White should never let
b7-b6!} Ne7 24. Bg5 $1 h6 25. Bxe7 Qxe7 26. e3 $18 Ne6 (26... Nc6 27. Bxc6 bxc6
28. Qc4) 27. Nd5 Qd6 28. Rb5 Ra8 29. Nc7 $1 Rab8 30. Nxe6 Qxe6 31. Qxe6 fxe6
32. Be4 (32. Rxa5) 32... Bf8 33. Rxa5 Ra8 34. Rxa8 Rxa8 35. Bxb7 Rxa4 36. Be4
Rb4 37. b7 Bd6 38. Ra1 Kf7 39. Ra7 Kf6 40. Ra8 g5 41. Rh8 Kg7 42. Rh7+ Kg8 43.
Rd7 1-0